[Event "Primorsko op"]
[Site "Primorsko"]
[Date "2021.09.20"]
[Round "8"]
[White "Kayan, Veli"]
[Black "Ilchov, Rosen"]
[Result "0-1"]
[WhiteElo "1929"]
[BlackElo "2215"]
[PlyCount "95"]
[EventDate "2021.09.13"]
[EventType "swiss"]
[EventRounds "9"]
[EventCountry "BUL"]
[SourceTitle "CBM 204 Extra"]
[Source "ChessBase"]
[SourceDate "2021.11.30"]
[SourceVersion "1"]
[SourceVersionDate "2021.11.30"]
[SourceQuality "1"]

1. e4 e6 2. b3 d5 3. Bb2 dxe4 4. Nc3 Nf6 5. Qe2 Be7 6. 0-0-0 Nc6 7. Nxe4 Nxe4 8. Qxe4 Bf6 9. d4 Qe7 10. f4 Bd7 11. Nf3 0-0-0 12. g4 g5 13. fxg5 Bxg5+ 14. Kb1 Bf6 15. g5 Bg7 16. Bg2 Kb8 17. h4 h6 18. Rhe1 Qf8 19. Bc1 Bc8 20. c3 hxg5 21. hxg5 Ne7 22. Ba3 Qe8 23. Ne5 Nf5 24. Rh1 Rxh1 25. Bxh1 Ng3 26. Qe3 Bxe5 27. Qxe5 Nxh1 28. Rxh1 Qc6 29. Rf1 Qxc3 30. Rc1 Qd3+ 31. Rc2 Rd7 32. Bb2 b6 33. Kc1 Qf1+ 34. Kd2 Ba6 35. Bc3 Rd5 36. Qg3 Rf5 37. d5 Rf2+ 38. Qxf2 Qxf2+ 39. Kc1 Qf4+ 40. Bd2 Qe4 41. Rc3 exd5 42. Kb2 d4 43. Rc2 Bd3 44. Rc6 Qe2 45. Kc1 Qf1+ 46. Kb2 Qg2 47. Rh6 Qxd2+ 48. Ka3 0-1

[Event "Plovdiv Bulgarian op 37th"]
[Site "Plovdiv"]
[Date "2015.02.04"]
[Round "5"]
[White "Valsecchi, Alessio"]
[Black "Ilchov, Rosen"]
[Result "1-0"]
[WhiteElo "2422"]
[BlackElo "2195"]
[PlyCount "113"]
[EventDate "2015.02.01"]
[EventType "swiss"]
[EventRounds "9"]
[EventCountry "BUL"]
[SourceTitle "CBM 164 Extra"]
[Source "ChessBase"]
[SourceDate "2015.03.02"]
[SourceVersion "1"]
[SourceVersionDate "2015.03.02"]
[SourceQuality "1"]

1. e4 c5 2. Nf3 e6 3. d4 cxd4 4. Nxd4 Nc6 5. Nc3 Qc7 6. Be3 a6 7. Be2 Nf6 8. 0-0 Be7 9. f4 d6 10. Kh1 0-0 11. Qe1 Nxd4 12. Bxd4 b5 13. a3 Bb7 14. Qg3 Rad8 15. Rae1 Rd7 16. Bd3 Re8 17. Qh3 e5 18. Be3 Bd8 19. Bd2 Rde7 20. f5 d5 21. exd5 e4 22. Be2 Bxd5 23. Be3 Bb7 24. g4 Rd7 25. g5 Nd5 26. Nxd5 Rxd5 27. f6 Bc8 28. Qg2 Bf5 29. Rc1 Qd7 30. Qf2 Bg6 31. c4 Rf5 32. Bg4 Rxf2 33. Bxd7 Rxf1+ 34. Rxf1 Re5 35. cxb5 axb5 36. Rd1 gxf6 37. Bxb5 Be7 38. gxf6 Bxf6 39. Be2 Ra5 40. Rd2 Kg7 41. Kg2 Be5 42. Bc4 f5 43. Rd7+ Kf6 44. Bb6 Ra8 45. Bd8+ Rxd8 46. Rxd8 f4 47. b4 f3+ 48. Kf2 Bc7 49. Rc8 Bxh2 50. b5 h5 51. b6 h4 52. b7 Kg5 53. b8Q Bxb8 54. Rxb8 Kf4 55. Rf8+ Bf5 56. Be6 e3+ 57. Kf1 1-0

[Event "BUL-chT-B 62nd"]
[Site "Sunny Beach"]
[Date "2012.09.21"]
[Round "3.2"]
[White "Galunov, Todor"]
[Black "Ilchov, Rosen"]
[Result "1-0"]
[WhiteElo "2325"]
[BlackElo "2205"]
[PlyCount "81"]
[EventDate "2012.09.19"]
[EventType "team-swiss"]
[EventRounds "7"]
[EventCountry "BUL"]
[SourceTitle "CBM 150 Extra"]
[Source "ChessBase"]
[SourceDate "2012.10.19"]
[SourceVersion "1"]
[SourceVersionDate "2012.10.19"]
[SourceQuality "1"]
[WhiteTeam "Shabla Harmoniya"]
[BlackTeam "Pernik Yuriy Benderev"]
[WhiteTeamCountry "BUL"]
[BlackTeamCountry "BUL"]

1. Nf3 d5 2. g3 g6 3. Bg2 Bg7 4. c4 c6 5. Qa4 Qb6 6. 0-0 dxc4 7. Na3 Qc5 8. Qxc4 Qxc4 9. Nxc4 Nd7 10. d4 Ngf6 11. b3 0-0 12. Bb2 Ne4 13. Rfd1 Nb6 14. Na5 Nd5 15. Ne5 Nef6 16. e4 Nb6 17. Rac1 Rd8 18. Ba3 Bf8 19. f4 Ne8 20. Bc5 f6 21. Nd3 Nc7 22. Nb4 Ne6 23. f5 Nxc5 24. dxc5 Rxd1+ 25. Rxd1 Nd7 26. fxg6 e5 27. gxh7+ Kxh7 28. Nxb7 Rb8 29. Nd6 Bxd6 30. Rxd6 Rxb4 31. Rxc6 Rb8 32. Rc7 Kg6 33. c6 Nb6 34. Rxa7 Ra8 35. Rxa8 Nxa8 36. b4 Nb6 37. Bf1 Bg4 38. Kf2 Bd1 39. Bh3 Ba4 40. c7 Bc6 41. c8Q 1-0

[Event "BUL-chT-B 62nd"]
[Site "Sunny Beach"]
[Date "2012.09.19"]
[Round "1.2"]
[White "Ilchov, Rosen"]
[Black "Manolov, Ivan"]
[Result "1-0"]
[WhiteElo "2205"]
[BlackElo "2243"]
[PlyCount "62"]
[EventDate "2012.09.19"]
[EventType "team-swiss"]
[EventRounds "7"]
[EventCountry "BUL"]
[SourceTitle "CBM 150 Extra"]
[Source "ChessBase"]
[SourceDate "2012.10.19"]
[SourceVersion "1"]
[SourceVersionDate "2012.10.19"]
[SourceQuality "1"]
[WhiteTeam "Pernik Yuriy Benderev"]
[BlackTeam "Dobrich Energiya 21"]
[WhiteTeamCountry "BUL"]
[BlackTeamCountry "BUL"]

1. d4 Nf6 2. c4 c5 3. d5 e5 4. Nc3 d6 5. e4 Be7 6. f4 exf4 7. Bxf4 0-0 8. Nf3 Bg4 9. Be2 Nbd7 10. Nd2 Bxe2 11. Qxe2 Re8 12. 0-0 a6 13. Qf3 Bf8 14. g4 Ne5 15. Bxe5 Rxe5 16. Qf4 Qd7 17. h3 Rae8 18. Rae1 b5 19. Re3 b4 20. Ne2 h5 21. g5 Nh7 22. Nf3 R5e7 23. Kg2 g6 24. Nc1 Bg7 25. Nd3 Qc7 26. b3 Nf8 27. e5 dxe5 28. Qe4 Qd6 29. Nd2 Nd7 30. Qf3 f5 31. gxf6 Nxf6 1-0

[Event "Bobotsov Memorial 2nd"]
[Site "Sofia"]
[Date "2010.05.06"]
[Round "9"]
[White "Ilchov, Rosen"]
[Black "Nikolov, Savko"]
[Result "1-0"]
[WhiteElo "2216"]
[BlackElo "1971"]
[PlyCount "127"]
[EventDate "2010.04.30"]
[EventType "swiss"]
[EventRounds "9"]
[EventCountry "BUL"]
[SourceTitle "CBM 136 Extra"]
[Source "ChessBase"]
[SourceDate "2010.07.02"]
[SourceVersion "2"]
[SourceVersionDate "2010.07.15"]
[SourceQuality "1"]

1. e4 c5 2. Nf3 Nc6 3. d4 cxd4 4. Nxd4 g6 5. Nc3 Bg7 6. Be3 Nf6 7. Bc4 Qa5 8. 0-0 0-0 9. Bb3 d6 10. h3 Bd7 11. f4 Nxd4 12. Bxd4 Bc6 13. Qd3 Rad8 14. Nd5 Nxd5 15. exd5 Bxd4+ 16. Qxd4 Bb5 17. Rf3 Qb6 18. Qxb6 axb6 19. Re1 Rfe8 20. Re4 Bd7 21. Rb4 b5 22. Rd3 Rc8 23. Rdd4 Rc5 24. c3 Ra8 25. a3 h5 26. Bd1 f5 27. h4 Rac8 28. Bb3 Ra8 29. Kf2 Kf7 30. Rd1 Kf6 31. Ke3 Ra6 32. Rbd4 Ra8 33. Kd2 b6 34. Re1 Ra7 35. Rb4 Rac7 36. Kd3 Ra7 37. Kd4 Rac7 38. Re3 Rc8 39. Ba2 Ra8 40. Bb3 Rac8 41. Re1 R8c7 42. Ba2 Ra7 43. g3 Rac7 44. Rc1 Ra7 45. Re1 Rac7 46. Kd3 Ra7 47. Kd2 Ra4 48. Bb3 Ra7 49. Re3 Rac7 50. Rd3 Rc8 51. Rdd4 R8c7 52. Bd1 Rc4 53. Rdxc4 Rxc4 54. Rxc4 bxc4 55. Ke3 b5 56. Kd4 e6 57. dxe6 Bc6 58. a4 Kxe6 59. axb5 Bxb5 60. Be2 d5 61. b3 Kd6 62. bxc4 dxc4 63. Bxc4 Be8 64. Bd5 1-0

[Event "Ognjanovo Strugov Memorial"]
[Site "Ognjanovo"]
[Date "2010.04.18"]
[Round "6"]
[White "Nikolov, Sasho"]
[Black "Ilchov, Rosen"]
[Result "1-0"]
[WhiteElo "2409"]
[BlackElo "2216"]
[PlyCount "85"]
[EventDate "2010.04.16"]
[EventType "swiss"]
[EventRounds "7"]
[EventCountry "BUL"]
[SourceTitle "CBM 135 Extra"]
[Source "ChessBase"]
[SourceDate "2010.05.04"]
[SourceVersion "1"]
[SourceVersionDate "2010.05.04"]
[SourceQuality "1"]

1. d4 d5 2. c4 c6 3. Nf3 Nf6 4. Nc3 e6 5. e3 Nbd7 6. Bd3 dxc4 7. Bxc4 b5 8. Bd3 a6 9. e4 c5 10. d5 Qc7 11. dxe6 fxe6 12. 0-0 c4 13. Bc2 Bb7 14. Nd4 Nc5 15. Qe2 0-0-0 16. Be3 e5 17. Nf5 Nd3 18. b3 b4 19. bxc4 bxc3 20. Bxd3 Rxd3 21. Qxd3 Bxe4 22. Qxc3 Bxf5 23. c5 Nd5 24. Qa3 Qc6 25. Rac1 Be7 26. Rc4 Bd8 27. Bd2 Bc7 28. Ra4 Kb7 29. Ba5 Bxa5 30. Rxa5 Ka7 31. Qg3 Qc7 32. c6 Nf4 33. Qe3+ Kb8 34. Rxe5 Bd3 35. Qxf4 Bxf1 36. Kxf1 Rd8 37. g3 Rd1+ 38. Ke2 Rd8 39. Re7 Qxf4 40. gxf4 Rd4 41. Ke3 Rc4 42. Rxg7 Rxc6 43. Ke4 1-0

[Event "Ognjanovo Strugov Memorial"]
[Site "Ognjanovo"]
[Date "2010.04.17"]
[Round "4"]
[White "Mishev, Liubomir"]
[Black "Ilchov, Rosen"]
[Result "0-1"]
[WhiteElo "2189"]
[BlackElo "2216"]
[PlyCount "76"]
[EventDate "2010.04.16"]
[EventType "swiss"]
[EventRounds "7"]
[EventCountry "BUL"]
[SourceTitle "CBM 135 Extra"]
[Source "ChessBase"]
[SourceDate "2010.05.04"]
[SourceVersion "1"]
[SourceVersionDate "2010.05.04"]
[SourceQuality "1"]

1. e4 c5 2. Nf3 Nc6 3. d4 cxd4 4. Nxd4 Nf6 5. Nc3 e5 6. Ndb5 d6 7. Bg5 a6 8. Bxf6 gxf6 9. Na3 b5 10. Nd5 f5 11. exf5 Bxf5 12. c3 Bg7 13. Nc2 0-0 14. Nce3 Be6 15. Bd3 f5 16. Qh5 e4 17. Bc2 Ne7 18. Rd1 Ng6 19. g3 f4 20. gxf4 Rxf4 21. h4 Kh8 22. Nxf4 Nxf4 23. Qg5 Qf8 24. Bxe4 Re8 25. Kf1 Bh3+ 26. Rxh3 Nxh3 27. Qf5 Rxe4 28. Qxh3 Rf4 29. Rd2 Be5 30. Ng2 Rf3 31. Qg4 Rg3 32. Qe4 Rg6 33. Qd5 Rf6 34. Re2 Qg7 35. Qa8+ Rf8 36. Qxa6 Rg8 37. Qc6 Qg4 38. Qe4 Qh3 0-1

[Event "Sofia Kirov Memorial"]
[Site "Sofia"]
[Date "2009.01.10"]
[Round "9"]
[White "Kolev, Vasil"]
[Black "Ilchov, Rosen"]
[Result "0-1"]
[WhiteElo "2008"]
[BlackElo "2194"]
[PlyCount "84"]
[EventDate "2009.01.03"]
[EventType "swiss"]
[EventRounds "9"]
[EventCountry "BUL"]
[SourceTitle "EXT 2010"]
[Source "ChessBase"]
[SourceDate "2010.11.25"]
[SourceVersion "1"]
[SourceVersionDate "2010.11.25"]
[SourceQuality "1"]

1. d4 d5 2. c4 c6 3. Nc3 Nf6 4. Bg5 e6 5. e3 Nbd7 6. cxd5 exd5 7. Qc2 Be7 8. Bd3 0-0 9. Nf3 Re8 10. 0-0 Nf8 11. Rab1 Ne4 12. Bxe7 Qxe7 13. Bxe4 dxe4 14. Nd2 f5 15. Ne2 Ng6 16. Rfe1 Be6 17. b4 a6 18. Nb3 Bd5 19. a3 Qf7 20. Nd2 Rad8 21. Nc3 Rd6 22. Nxd5 cxd5 23. b5 f4 24. bxa6 Rxa6 25. Qb3 f3 26. Qxb7 Qe6 27. Qc7 Rd6 28. Rb8 Rxb8 29. Qxb8+ Nf8 30. gxf3 exf3 31. Nxf3 Qg4+ 32. Kf1 Rf6 33. Ng1 Rg6 34. Qg3 Qe4 35. Qh3 Qh1 36. Ke2 Rxg1 37. Rxg1 Qxg1 38. Qf5 Qg2 39. Kd3 Qf1+ 40. Kc3 Qc4+ 41. Kb2 Qc6 42. Qd3 Nd7 0-1

[Event "Sofia Kirov Memorial"]
[Site "Sofia"]
[Date "2009.01.08"]
[Round "7"]
[White "Filev, Georgi"]
[Black "Ilchov, Rosen"]
[Result "1-0"]
[WhiteElo "2378"]
[BlackElo "2194"]
[PlyCount "127"]
[EventDate "2009.01.03"]
[EventType "swiss"]
[EventRounds "9"]
[EventCountry "BUL"]
[SourceTitle "EXT 2010"]
[Source "ChessBase"]
[SourceDate "2010.11.25"]
[SourceVersion "1"]
[SourceVersionDate "2010.11.25"]
[SourceQuality "1"]

1. e4 c5 2. Nf3 Nc6 3. d4 cxd4 4. Nxd4 Nf6 5. Nc3 e5 6. Ndb5 d6 7. Bg5 a6 8. Na3 b5 9. Bxf6 gxf6 10. Nd5 f5 11. Bd3 Be6 12. c3 Bxd5 13. exd5 Ne7 14. Nxb5 Bg7 15. Na3 0-0 16. 0-0 e4 17. Bc2 Rc8 18. Qh5 Rc5 19. Bb3 a5 20. Rae1 Qc8 21. f3 Ng6 22. fxe4 f4 23. Bd1 Qb8 24. Re2 Re8 25. Ba4 Re5 26. Qf3 Rg5 27. Kh1 Be5 28. Bd7 Qc7 29. Bc6 Qb8 30. Qh3 Qf8 31. Nc2 Ne7 32. Nd4 Bxd4 33. cxd4 Rc4 34. Qd3 Rb4 35. Rxf4 Ng6 36. Rf1 Qg7 37. Rd2 Qh6 38. Rdf2 Qh4 39. Bd7 Rb7 40. Bf5 Rc7 41. h3 Ne7 42. Rf4 Qh6 43. Qd2 Nxf5 44. exf5 Qf6 45. Qxa5 Rc2 46. R4f2 Rc4 47. Rf4 Rc2 48. R1f2 Rc1+ 49. Kh2 h5 50. Qd2 Ra1 51. b4 Kh7 52. Rf1 Rxf1 53. Rxf1 Rg8 54. b5 Ra8 55. b6 Rb8 56. Qb4 Qd8 57. Rb1 Qg5 58. Qxd6 Rg8 59. Rb2 Qc1 60. Rf2 Qe1 61. Qf4 Qb4 62. f6 Qxb6 63. Qe5 Rg6 64. Rf5 1-0

[Event "Sofia Kirov Memorial"]
[Site "Sofia"]
[Date "2009.01.05"]
[Round "4"]
[White "Ilchov, Rosen"]
[Black "Kukov, Velislav"]
[Result "1-0"]
[WhiteElo "2194"]
[BlackElo "2373"]
[PlyCount "173"]
[EventDate "2009.01.03"]
[EventType "swiss"]
[EventRounds "9"]
[EventCountry "BUL"]
[SourceTitle "EXT 2010"]
[Source "ChessBase"]
[SourceDate "2010.11.25"]
[SourceVersion "1"]
[SourceVersionDate "2010.11.25"]
[SourceQuality "1"]

1. e4 c5 2. Nf3 Nc6 3. d4 cxd4 4. Nxd4 e5 5. Nb5 d6 6. N1c3 a6 7. Na3 b5 8. Nd5 Nf6 9. Bg5 Be7 10. Bxf6 Bxf6 11. c3 0-0 12. Nc2 Bg5 13. a4 bxa4 14. Rxa4 a5 15. Bb5 Ne7 16. Nxe7+ Qxe7 17. Nb4 Be6 18. Bc6 Rab8 19. Rxa5 Qc7 20. Rb5 Bc4 21. Rxb8 Rxb8 22. Bd5 Bb5 23. h4 Bh6 24. Rh3 g6 25. h5 Kg7 26. hxg6 hxg6 27. g3 Rh8 28. Rh1 Qa7 29. c4 Qa5 30. cxb5 Qxb4+ 31. Kf1 Qxb5+ 32. Qe2 Qd7 33. Kg2 Rc8 34. b4 Qa4 35. Qg4 Rh8 36. Qh4 Qd7 37. g4 Qd8 38. Qxd8 Rxd8 39. Rb1 Rb8 40. b5 Rb6 41. Bc6 Bg5 42. Ra1 Rb8 43. Ra7 Kf8 44. Kf3 Bd8 45. Rd7 Be7 46. Ke2 Rd8 47. Ra7 Rb8 48. f3 f5 49. gxf5 gxf5 50. exf5 Kf7 51. Kd3 Kf6 52. Rd7 Bd8 53. Ke4 Be7 54. Kd5 Bd8 55. Kxd6 Ba5 56. Bb7 Kxf5 57. Kc6 e4 58. fxe4+ Kxe4 59. b6 Bxb6 60. Kxb6+ Ke5 61. Kc5 Ke6 62. Bc6 Rb1 63. Rd2 Rc1+ 64. Kb6 Rb1+ 65. Kc7 Re1 66. Rd8 Re5 67. Rf8 Ke7 68. Rh8 Rc5 69. Rh6 Rc1 70. Rh8 Rc5 71. Re8+ Kf7 72. Re2 Rf5 73. Kd7 Rf1 74. Bd5+ Kf6 75. Kd6 Rf4 76. Re8 Rf5 77. Be6 Ra5 78. Rf8+ Kg5 79. Bd5 Kg6 80. Ke5 Ra7 81. Rf2 Ra6 82. Rg2+ Kh7 83. Be6 Ra1 84. Kf6 Rf1+ 85. Bf5+ Kh8 86. Ra2 Rg1 87. Rh2+ 1-0

[Event "BUL-chT2 58th"]
[Site "Borovetz"]
[Date "2008.10.05"]
[Round "5.2"]
[White "Ilchov, Rosen"]
[Black "Nikolov, Sasho"]
[Result "1/2-1/2"]
[WhiteElo "2144"]
[BlackElo "2409"]
[PlyCount "41"]
[EventDate "2008.10.01"]
[EventType "team-swiss"]
[EventRounds "7"]
[EventCountry "BUL"]
[SourceTitle "CBM 126 Extra"]
[Source "ChessBase"]
[SourceDate "2008.11.05"]
[SourceVersion "1"]
[SourceVersionDate "2008.11.05"]
[SourceQuality "1"]

1. e4 e5 2. Nf3 Nc6 3. Bb5 a6 4. Ba4 Nf6 5. 0-0 Be7 6. Re1 b5 7. Bb3 0-0 8. h3 d6 9. c3 Nd7 10. d4 Bf6 11. a4 Rb8 12. axb5 axb5 13. Be3 Ne7 14. Ng5 h6 15. Bxf7+ Rxf7 16. Ne6 Qe8 17. Nxc7 Qd8 18. Ne6 Qe8 19. Nc7 Qd8 20. Ne6 Qe8 21. Nc7 1/2-1/2

[Event "Ablanica op"]
[Site "Ablanica"]
[Date "2008.04.05"]
[Round "2"]
[White "Lalev, Ivan"]
[Black "Ilchov, Rosen"]
[Result "0-1"]
[WhiteElo "2026"]
[BlackElo "2144"]
[PlyCount "104"]
[EventDate "2008.04.05"]
[EventType "swiss"]
[EventRounds "7"]
[EventCountry "BUL"]
[SourceTitle "EXT 2009"]
[Source "ChessBase"]
[SourceDate "2008.11.26"]
[SourceVersion "1"]
[SourceVersionDate "2008.11.26"]
[SourceQuality "1"]

1. c4 e5 2. Nc3 Nf6 3. Nf3 Nc6 4. g3 d5 5. cxd5 Nxd5 6. Bg2 Nb6 7. 0-0 Be7 8. d3 0-0 9. Be3 Be6 10. Rc1 Re8 11. a3 f5 12. Na4 Nd4 13. Bxd4 exd4 14. Nc5 Bd5 15. Re1 Bf6 16. Nd2 Bxg2 17. Kxg2 Qd5+ 18. Kg1 Re7 19. Qb3 c6 20. Qxd5+ Nxd5 21. Nc4 b6 22. Nb3 c5 23. a4 Bg5 24. f4 Bf6 25. Nbd2 g5 26. fxg5 Bxg5 27. Rcd1 Ne3 28. Nxe3 Bxe3+ 29. Kg2 Bxd2 30. Rxd2 Rae8 31. Rc2 Re3 32. Kf2 a5 33. Rg1 Kf7 34. b3 Kf6 35. Rg2 Kg5 36. h3 h5 37. Kg1 f4 38. Kh2 fxg3+ 39. Rxg3+ Rxg3 40. Kxg3 Re3+ 41. Kg2 Kh4 42. Kf2 Kxh3 43. Rc1 Kh2 44. Rf1 h4 45. Ke1 Kg2 46. Rf6 h3 47. Rf2+ Kg3 48. Rf8 h2 49. Rf1 Kh3 50. Kf2 Rg3 51. Rh1 Rg2+ 52. Kf1 Kg3 0-1

[Event "BUL-chT"]
[Site "Pamporovo"]
[Date "2001.10.05"]
[Round "4"]
[White "Ilchov, Rosen"]
[Black "Angelov, Angel"]
[Result "1-0"]
[WhiteElo "2115"]
[BlackElo "2200"]
[PlyCount "92"]
[EventDate "2001.10.03"]
[EventType "team"]
[EventRounds "7"]
[EventCountry "BUL"]
[SourceTitle "CBM 084 Extra"]
[Source "ChessBase"]
[SourceDate "2001.10.26"]
[SourceVersion "1"]
[SourceVersionDate "2001.10.26"]
[SourceQuality "1"]

1. e4 c6 2. d4 d5 3. exd5 cxd5 4. Bd3 Nf6 5. h3 Nc6 6. c3 e6 7. Bf4 Bd6 8. Bxd6 Qxd6 9. Nf3 0-0 10. 0-0 a6 11. Re1 b5 12. Ne5 Bb7 13. b4 Nd7 14. Nxd7 Qxd7 15. Nd2 Qd6 16. Nf3 f6 17. Qc2 h6 18. Nh4 Ne7 19. Qe2 Bc8 20. a4 Qc7 21. axb5 Qxc3 22. Nf3 Qxb4 23. Reb1 Qd6 24. bxa6 Nc6 25. Rb6 Bd7 26. Qb2 e5 27. Bb5 e4 28. Nd2 Rfc8 29. a7 Rc7 30. Raa6 Rcxa7 31. Rxa7 Rxa7 32. Bxc6 e3 33. fxe3 Bxh3 34. Nf1 Bf5 35. Ba4 Qc7 36. Rc6 Qa5 37. Qb8+ Kh7 38. Bc2 Bxc2 39. Rxc2 Ra6 40. Qc8 Rd6 41. Qf5+ g6 42. Qc8 Qd8 43. Rc7+ Kg8 44. Qb7 Qf8 45. Qb4 h5 46. Qc5 Rd8 1-0